000
00320nam a2200157Ia 4500
100
_a
Thanekar/ Pankaj
490
_v
2
942
_c
BK
654
_a
mathematics II
245
_a
Applied Mathematics-II
260
_b
Students Pub
_a
Mumbai
082
_a
519-076
300
_a
249
546
_a
ENGLISH
999
_c
32933
_d
32933